Confrontation with Pakistan / (Record no. 4801)
[ view plain ]
| 000 -LEADER | |
|---|---|
| fixed length control field | 00549nam a2200217 a 4500 |
| 001 - CONTROL NUMBER | |
| JCCL Control Number | 4801 |
| 003 - CONTROL NUMBER IDENTIFIER | |
| JCCL marc code | BD-JhCC |
| 005 - DATE AND TIME OF LATEST TRANSACTION | |
| control field | 20171209163822.0 |
| 008 - FIXED-LENGTH DATA ELEMENTS--GENERAL INFORMATION | |
| fixed length control field | 171203s1971 ii |||| ||a| 001 0 eng d |
| 035 ## - SYSTEM CONTROL NUMBER | |
| system control number | (BD-JhCC)4801 |
| 040 ## - CATALOGING SOURCE | |
| Original cataloging agency | BD-JhCC |
| Modifying agency | BD-JhCC |
| 041 ## - LANGUAGE CODE | |
| Language code of Book | eng |
| 082 ## - DEWEY DECIMAL CLASSIFICATION NUMBER | |
| Classification number | 327.540549 |
| Author mark and Year | KAU 1971 |
| 100 ## - MAIN ENTRY--PERSONAL NAME | |
| Personal name | KAUL, B. M |
| 245 ## - TITLE STATEMENT | |
| Title | Confrontation with Pakistan / |
| Statement of responsibility, etc | B. M KAUL |
| 260 ## - PUBLICATION, DISTRIBUTION, ETC. (IMPRINT) | |
| Place of publication, distribution, etc | Delhi : |
| Name of publisher, distributor, etc | Vikas Publications, |
| Date of publication, distribution, etc | 1971. |
| 300 ## - PHYSICAL DESCRIPTION | |
| Pagination | 338 p. : |
| Dimensions | 22 cm. |
| 650 ## - SUBJECT ADDED ENTRY--TOPICAL TERM | |
| Topical term or geographic name as entry element | India-Pakistan Conflict |
| 942 ## - ADDED ENTRY ELEMENTS (KOHA) | |
| Source of classification or shelving scheme | Dewey Decimal Classification |
| Koha item type | Books |
| Source of classification or shelving scheme | Damaged status | Not for loan | Home library | Current library | Shelving location | Date of accession | Total Checkouts | Full call number | Barcode | Date last seen | Koha item type |
|---|---|---|---|---|---|---|---|---|---|---|---|
| Dewey Decimal Classification | JCC Rouf Library | JCC Rouf Library | General Stacks | 12/03/2017 | 327.540549 KAU 1971 | 6731 | 12/03/2017 | Books |